| 000 | 01610nam a22003377a 4500 | ||
|---|---|---|---|
| 003 | DO-SdBPM | ||
| 005 | 20260213110619.0 | ||
| 007 | ta | ||
| 008 | 211129b2019 dr ao||| |||| 00| 0 spa d | ||
| 020 | _a9789945503531 | ||
| 040 |
_aDO-SdBPM _bspa _cBPMSU _erda |
||
| 082 | 4 |
_a 972.93054 _bH565g 2019 _222 |
|
| 100 | 1 |
_aHerrera R., Rafael Darío, _q(Herrera Rodríguez) _d1955- _eautor _4aut. |
|
| 245 | 1 | 0 |
_aEl gobierno del Triunvirato (1963-1965) / _cRafael Darío Herrera. |
| 264 |
_aSanto Domingo : _bEditora Nacional, _c2019. |
||
| 300 |
_a243 páginas : _bilustraciones, fotografías. ; _c21 cm. |
||
| 336 |
_atexto _btxt _2rdacontent |
||
| 337 |
_asin mediación _bn _2rdamedia |
||
| 338 |
_avolumen _bnc _2rdacarrier |
||
| 490 | 0 | _aHistoria | |
| 500 | _aIncluye datos biográficos del autor en la solapa de la cubierta. | ||
| 500 | _aIncluye índice onomástico. | ||
| 500 | _aIncluye referencias bibliográficas y notas al pie de las páginas | ||
| 504 | _aBibliografía : páginas 221-226 | ||
| 505 | 0 |
_aIntroducción -- _tEl golpe de Estado -- _tEl uso cotidiano de la violencia contra los opositores -- _tLa economía durante el triunvirato -- _tMovilizaciones y demandas laborales -- _tEl triunvirato y la cuestión militar -- _tLa crisis final del triunvirato. |
|
| 586 | _aPremio Anual de Historia José Gabriel García, 2018. Jurado: Héctor Luis Martínez, Juan Daniel Balcácer y Carmen Durán. | ||
| 590 | _aInventariado, 2026 /VM | ||
| 651 | 7 |
_a República Dominicana _x Historia _y Triunvirato, 1963-1965 |
|
| 910 | _aVMateo V,. Control de calidad. BPMSU | ||
| 942 |
_2ddc _cBK |
||
| 999 |
_c15692 _d15692 |
||